[Event "DVM U16w 2023"]
[Site "Magdeburg GER"]
[Date "2023.12.28"]
[Round "4"]
[White "Dhanasekaran Meenambigai, Diya"]
[Black "Schwarzfischer, Julia"]
[Result "1/2-1/2"]
[Termination "normal"]
[Board "8.1"]
[WhiteElo "1369"]
[BlackElo "1438"]
[WhiteClock "00:47:14"]
[BlackClock "01:04:15"]
[WhiteTeam "SG Solingen"]
[BlackTeam "SF Roding"]
[PlyCount "117"]
[WhiteFideId "34611924"]
[BlackFideId "16268105"]
[EventCountry "GER"]
[EventRounds "7"]
[EventType "team-swiss"]
[EventDate "2023.12.26"]

1. d4 {[%clk 01:30:56]} {[%emt 00:00:03]} d5 {[%clk 01:30:56]} {[%emt
00:00:05]} 2. Nc3 {[%clk 01:31:16]} {[%emt 00:00:09]} e6 {[%clk 01:31:13]}
{[%emt 00:00:14]} 3. Bf4 {[%clk 01:31:17]} {[%emt 00:00:30]} c5 {[%clk
01:31:33]} {[%emt 00:00:10]} 4. e3 {[%clk 01:30:05]} {[%emt 00:01:41]} a6
{[%clk 01:31:34]} {[%emt 00:00:30]} 5. a4 {[%clk 01:29:29]} {[%emt 00:01:05]}
Nc6 {[%clk 01:31:56]} {[%emt 00:00:08]} 6. Nf3 {[%clk 01:28:34]} {[%emt
00:01:25]} Nf6 {[%clk 01:31:36]} {[%emt 00:00:50]} 7. Be2 {[%clk 01:27:04]}
{[%emt 00:02:00]} h6 {[%clk 01:31:30]} {[%emt 00:00:35]} 8. h3 {[%clk
01:26:14]} {[%emt 00:01:20]} Qa5 {[%clk 01:31:13]} {[%emt 00:00:47]} 9. O-O
{[%clk 01:23:45]} {[%emt 00:02:59]} c4 {[%clk 01:30:59]} {[%emt 00:00:45]} 10.
Ne5 {[%clk 01:21:40]} {[%emt 00:02:35]} Qb6 {[%clk 01:30:43]} {[%emt 00:00:46]}
11. Qc1 {[%clk 01:18:22]} {[%emt 00:03:48]} Bd7 {[%clk 01:28:56]} {[%emt
00:02:16]} 12. Nxd7 {[%clk 01:15:17]} {[%emt 00:03:35]} Kxd7 {[%clk 01:28:52]}
{[%emt 00:00:34]} 13. Bf3 {[%clk 01:14:29]} {[%emt 00:01:18]} g5 {[%clk
01:28:55]} {[%emt 00:00:28]} 14. Be5 {[%clk 01:14:28]} {[%emt 00:00:30]} Be7
{[%clk 01:28:21]} {[%emt 00:01:05]} 15. e4 {[%clk 01:11:58]} {[%emt 00:02:59]}
Nxd4 {[%clk 01:27:49]} {[%emt 00:01:03]} 16. Qe3 {[%clk 01:09:51]} {[%emt
00:02:35]} Nxf3+ {[%clk 01:28:02]} {[%emt 00:00:18]} 17. Qxf3 {[%clk 01:10:10]}
{[%emt 00:00:11]} Qd8 {[%clk 01:18:49]} {[%emt 00:09:44]} 18. exd5 {[%clk
01:10:11]} {[%emt 00:00:29]} h5 {[%clk 01:18:22]} {[%emt 00:00:57]} 19. dxe6+
{[%clk 01:10:14]} {[%emt 00:00:26]} Ke8 {[%clk 01:14:25]} {[%emt 00:04:28]} 20.
exf7+ {[%clk 01:08:40]} {[%emt 00:02:04]} Kxf7 {[%clk 01:13:29]} {[%emt
00:01:25]} 21. Ne4 {[%clk 01:07:37]} {[%emt 00:01:33]} g4 {[%clk 01:13:00]}
{[%emt 00:00:59]} 22. Qf5 {[%clk 01:06:34]} {[%emt 00:01:32]} Rh6 {[%clk
01:05:18]} {[%emt 00:08:14]} 23. Bf4 {[%clk 01:04:00]} {[%emt 00:03:03]} Rg6
{[%clk 01:02:54]} {[%emt 00:02:54]} 24. Ng5+ {[%clk 01:04:02]} {[%emt
00:00:28]} Rxg5 {[%clk 01:03:20]} {[%emt 00:00:04]} 25. Bxg5 {[%clk 01:04:10]}
{[%emt 00:00:22]} gxh3 {[%clk 01:03:12]} {[%emt 00:00:39]} 26. Bxf6 {[%clk
01:04:13]} {[%emt 00:00:28]} Bxf6 {[%clk 01:03:32]} {[%emt 00:00:09]} 27. Qxh5+
{[%clk 01:04:35]} {[%emt 00:00:07]} Kg7 {[%clk 01:03:43]} {[%emt 00:00:19]} 28.
Qxh3 {[%clk 01:04:43]} {[%emt 00:00:22]} Qc7 {[%clk 01:03:10]} {[%emt
00:01:04]} 29. Qg3+ {[%clk 01:04:48]} {[%emt 00:00:25]} Qxg3 {[%clk 01:03:36]}
{[%emt 00:00:04]} 30. fxg3 {[%clk 01:05:11]} {[%emt 00:00:06]} Bd4+ {[%clk
01:04:03]} {[%emt 00:00:04]} 31. Rf2 {[%clk 01:05:13]} {[%emt 00:00:27]} Rf8
{[%clk 01:04:10]} {[%emt 00:00:24]} 32. Raf1 {[%clk 01:05:06]} {[%emt
00:00:35]} Kg6 {[%clk 01:04:35]} {[%emt 00:00:08]} 33. g4 {[%clk 01:02:14]}
{[%emt 00:03:21]} Kg5 {[%clk 01:03:43]} {[%emt 00:01:23]} 34. g3 {[%clk
01:01:39]} {[%emt 00:01:06]} Kxg4 {[%clk 01:03:51]} {[%emt 00:00:23]} 35. Kg2
{[%clk 01:01:57]} {[%emt 00:00:11]} Bxf2 {[%clk 01:04:15]} {[%emt 00:00:07]}
36. Rxf2 {[%clk 01:02:20]} {[%emt 00:00:06]} Rc8 {[%clk 01:03:33]} {[%emt
00:01:13]} 37. Rf7 {[%clk 01:01:45]} {[%emt 00:01:03]} b5 {[%clk 01:03:02]}
{[%emt 00:01:02]} 38. axb5 {[%clk 01:01:50]} {[%emt 00:00:25]} axb5 {[%clk
01:03:29]} {[%emt 00:00:04]} 39. Rb7 {[%clk 01:01:29]} {[%emt 00:00:50]} Rc5
{[%clk 01:03:41]} {[%emt 00:00:18]} 40. Rg7+ {[%clk 01:01:01]} {[%emt
00:00:59]} Kf5 {[%clk 01:04:06]} {[%emt 00:00:05]} 41. Kf3 {[%clk 00:58:46]}
{[%emt 00:02:45]} c3 {[%clk 01:02:35]} {[%emt 00:02:01]} 42. b3 {[%clk
00:58:17]} {[%emt 00:00:59]} Ke6 {[%clk 01:02:51]} {[%emt 00:00:14]} 43. Rh7
{[%clk 00:57:40]} {[%emt 00:01:06]} Rf5+ {[%clk 01:02:58]} {[%emt 00:00:25]}
44. Ke3 {[%clk 00:57:36]} {[%emt 00:00:34]} Kd5 {[%clk 01:03:17]} {[%emt
00:00:11]} 45. g4 {[%clk 00:49:09]} {[%emt 00:08:57]} Rf8 {[%clk 01:03:27]}
{[%emt 00:00:19]} 46. Rh2 {[%clk 00:48:22]} {[%emt 00:01:16]} Kc5 {[%clk
01:03:38]} {[%emt 00:00:21]} 47. g5 {[%clk 00:47:42]} {[%emt 00:01:10]} Kb4
{[%clk 01:03:57]} {[%emt 00:00:12]} 48. g6 {[%clk 00:46:52]} {[%emt 00:01:19]}
Rg8 {[%clk 01:04:13]} {[%emt 00:00:14]} 49. Rg2 {[%clk 00:47:08]} {[%emt
00:00:12]} Ka3 {[%clk 01:04:41]} {[%emt 00:00:04]} 50. Kd3 {[%clk 00:46:43]}
{[%emt 00:00:54]} Kb2 {[%clk 01:05:05]} {[%emt 00:00:06]} 51. Kd4 {[%clk
00:46:21]} {[%emt 00:00:53]} Rc8 {[%clk 01:04:29]} {[%emt 00:01:07]} 52. g7
{[%clk 00:46:31]} {[%emt 00:00:19]} Rg8 {[%clk 01:04:25]} {[%emt 00:00:34]} 53.
b4 {[%clk 00:46:46]} {[%emt 00:00:16]} Rxg7 {[%clk 01:02:24]} {[%emt 00:02:31]}
54. Rxg7 {[%clk 00:46:43]} {[%emt 00:00:32]} Kxc2 {[%clk 01:02:48]} {[%emt
00:00:07]} 55. Rc7 {[%clk 00:46:34]} {[%emt 00:00:39]} Kb3 {[%clk 01:03:11]}
{[%emt 00:00:06]} 56. Kc5 {[%clk 00:46:43]} {[%emt 00:00:21]} Ka4 {[%clk
01:03:29]} {[%emt 00:00:12]} 57. Kb6 {[%clk 00:46:47]} {[%emt 00:00:26]} Kxb4
{[%clk 01:03:51]} {[%emt 00:00:09]} 58. Rxc3 {[%clk 00:46:48]} {[%emt
00:00:28]} Kxc3 {[%clk 01:04:15]} {[%emt 00:00:06]} 59. Kxb5 {[%clk 00:47:14]}
{[%emt 00:00:03]} 1/2-1/2

[Event "DVM U16w 2023"]
[Site "Magdeburg GER"]
[Date "2023.12.28"]
[Round "4"]
[White "Fetahovic, Maida"]
[Black "Schwarzfischer, Ramona"]
[Result "1-0"]
[Termination "normal"]
[Board "8.3"]
[WhiteElo "1038"]
[BlackElo "988"]
[WhiteClock "01:24:12"]
[BlackClock "01:33:43"]
[WhiteTeam "SG Solingen"]
[BlackTeam "SF Roding"]
[PlyCount "71"]
[WhiteFideId "34611932"]
[BlackFideId "16268113"]
[EventCountry "GER"]
[EventRounds "7"]
[EventType "team-swiss"]
[EventDate "2023.12.26"]

1. e4 {[%clk 01:30:53]} {[%emt 00:00:07]} c6 {[%clk 01:30:51]} {[%emt
00:00:10]} 2. d4 {[%clk 01:31:17]} {[%emt 00:00:06]} d5 {[%clk 01:31:17]}
{[%emt 00:00:04]} 3. exd5 {[%clk 01:31:37]} {[%emt 00:00:10]} cxd5 {[%clk
01:31:37]} {[%emt 00:00:10]} 4. c4 {[%clk 01:32:00]} {[%emt 00:00:06]} Nf6
{[%clk 01:32:02]} {[%emt 00:00:06]} 5. Nc3 {[%clk 01:32:23]} {[%emt 00:00:06]}
e6 {[%clk 01:32:28]} {[%emt 00:00:05]} 6. Bf4 {[%clk 01:32:45]} {[%emt
00:00:07]} Bb4 {[%clk 01:32:42]} {[%emt 00:00:17]} 7. Nf3 {[%clk 01:32:02]}
{[%emt 00:01:13]} Bxc3+ {[%clk 01:33:01]} {[%emt 00:00:11]} 8. bxc3 {[%clk
01:32:24]} {[%emt 00:00:08]} h6 {[%clk 01:33:16]} {[%emt 00:00:16]} 9. Rb1
{[%clk 01:31:27]} {[%emt 00:01:25]} Qa5 {[%clk 01:33:33]} {[%emt 00:00:12]} 10.
Qb3 {[%clk 01:31:31]} {[%emt 00:00:28]} Ne4 {[%clk 01:33:32]} {[%emt 00:00:32]}
11. Qb5+ {[%clk 01:27:59]} {[%emt 00:04:01]} Qxb5 {[%clk 01:33:07]} {[%emt
00:00:55]} 12. cxb5 {[%clk 01:28:20]} {[%emt 00:00:08]} Nxc3 {[%clk 01:33:31]}
{[%emt 00:00:06]} 13. Rc1 {[%clk 01:28:36]} {[%emt 00:00:15]} O-O {[%clk
01:32:30]} {[%emt 00:01:31]} 14. Rxc3 {[%clk 01:28:55]} {[%emt 00:00:11]} Bd7
{[%clk 01:32:41]} {[%emt 00:00:19]} 15. a4 {[%clk 01:28:24]} {[%emt 00:01:01]}
a6 {[%clk 01:32:15]} {[%emt 00:00:56]} 16. Ne5 {[%clk 01:27:31]} {[%emt
00:01:23]} axb5 {[%clk 01:31:16]} {[%emt 00:01:29]} 17. axb5 {[%clk 01:27:39]}
{[%emt 00:00:22]} f6 {[%clk 01:31:30]} {[%emt 00:00:16]} 18. Nxd7 {[%clk
01:24:31]} {[%emt 00:03:38]} Nxd7 {[%clk 01:31:52]} {[%emt 00:00:09]} 19. Be2
{[%clk 01:24:20]} {[%emt 00:00:41]} Ra4 {[%clk 01:31:26]} {[%emt 00:00:56]} 20.
Be3 {[%clk 01:23:24]} {[%emt 00:01:26]} e5 {[%clk 01:31:41]} {[%emt 00:00:15]}
21. dxe5 {[%clk 01:23:28]} {[%emt 00:00:26]} fxe5 {[%clk 01:31:44]} {[%emt
00:00:28]} 22. Rc7 {[%clk 01:22:30]} {[%emt 00:01:28]} d4 {[%clk 01:30:48]}
{[%emt 00:01:25]} 23. Rxd7 {[%clk 01:21:11]} {[%emt 00:01:49]} dxe3 {[%clk
01:31:12]} {[%emt 00:00:06]} 24. f3 {[%clk 01:21:27]} {[%emt 00:00:13]} Ra1+
{[%clk 01:31:25]} {[%emt 00:00:18]} 25. Rd1 {[%clk 01:21:35]} {[%emt 00:00:22]}
Rd8 {[%clk 01:31:41]} {[%emt 00:00:15]} 26. Rxa1 {[%clk 01:21:36]} {[%emt
00:00:29]} Rd5 {[%clk 01:31:57]} {[%emt 00:00:13]} 27. Bc4 {[%clk 01:21:57]}
{[%emt 00:00:09]} Kh7 {[%clk 01:31:52]} {[%emt 00:00:37]} 28. Bxd5 {[%clk
01:22:20]} {[%emt 00:00:06]} Kg6 {[%clk 01:32:14]} {[%emt 00:00:08]} 29. O-O
{[%clk 01:22:32]} {[%emt 00:00:18]} Kf5 {[%clk 01:32:40]} {[%emt 00:00:04]} 30.
Bxb7 {[%clk 01:22:45]} {[%emt 00:00:17]} g5 {[%clk 01:33:02]} {[%emt 00:00:07]}
31. Be4+ {[%clk 01:23:03]} {[%emt 00:00:11]} Kf6 {[%clk 01:32:53]} {[%emt
00:00:40]} 32. Rfc1 {[%clk 01:23:11]} {[%emt 00:00:23]} Ke6 {[%clk 01:33:02]}
{[%emt 00:00:21]} 33. Rc6+ {[%clk 01:23:34]} {[%emt 00:00:08]} Kd7 {[%clk
01:33:22]} {[%emt 00:00:11]} 34. Ra7+ {[%clk 01:23:56]} {[%emt 00:00:06]} Kd8
{[%clk 01:33:38]} {[%emt 00:00:14]} 35. Rxh6 {[%clk 01:24:21]} {[%emt
00:00:05]} Kc8 {[%clk 01:33:43]} {[%emt 00:00:27]} 36. Rh8# {[%clk 01:24:12]}
{[%emt 00:00:07]} 1-0

[Event "DVM U16w 2023"]
[Site "Magdeburg GER"]
[Date "2023.12.28"]
[Round "4"]
[White "Lankes, Selina"]
[Black "Kovalyova, Alina"]
[Result "0-1"]
[Termination "normal"]
[Board "8.4"]
[WhiteElo "933"]
[BlackElo "1146"]
[WhiteClock "01:31:10"]
[BlackClock "01:16:34"]
[WhiteTeam "SF Roding"]
[BlackTeam "SG Solingen"]
[PlyCount "110"]
[WhiteFideId "34639756"]
[BlackFideId "34669477"]
[EventCountry "GER"]
[EventRounds "7"]
[EventType "team-swiss"]
[EventDate "2023.12.26"]

1. e4 {[%clk 01:30:57]} {[%emt 00:00:01]} e5 {[%clk 01:30:54]} {[%emt
00:00:06]} 2. Nf3 {[%clk 01:31:17]} {[%emt 00:00:11]} Nc6 {[%clk 01:31:08]}
{[%emt 00:00:17]} 3. Nc3 {[%clk 01:31:38]} {[%emt 00:00:08]} Bc5 {[%clk
01:31:08]} {[%emt 00:00:30]} 4. Bc4 {[%clk 01:31:50]} {[%emt 00:00:19]} d6
{[%clk 01:31:06]} {[%emt 00:00:32]} 5. d3 {[%clk 01:31:54]} {[%emt 00:00:26]}
Nd4 {[%clk 01:30:28]} {[%emt 00:01:07]} 6. Be3 {[%clk 01:31:57]} {[%emt
00:00:28]} Bg4 {[%clk 01:29:53]} {[%emt 00:01:05]} 7. h3 {[%clk 01:29:15]}
{[%emt 00:00:27]} Nxf3+ {[%clk 01:29:56]} {[%emt 00:03:12]} 8. gxf3 {[%clk
01:29:27]} {[%emt 00:00:18]} Bxe3 {[%clk 01:28:50]} {[%emt 00:01:36]} 9. fxe3
{[%clk 01:29:48]} {[%emt 00:00:10]} Qh4+ {[%clk 01:28:22]} {[%emt 00:00:56]}
10. Kd2 {[%clk 01:29:37]} {[%emt 00:00:41]} Qf2+ {[%clk 01:27:25]} {[%emt
00:01:28]} 11. Kc1 {[%clk 01:29:45]} {[%emt 00:00:23]} Bxf3 {[%clk 01:26:53]}
{[%emt 00:01:00]} 12. Qd2 {[%emt 00:00:45]} Qxd2+ {[%emt 00:00:39]} 13. Kxd2
{[%clk 01:28:39]} {[%emt 00:00:13]} Bxh1 {[%clk 01:27:15]} {[%emt 00:00:08]}
14. Rxh1 {[%clk 01:29:03]} {[%emt 00:00:06]} Nf6 {[%clk 01:27:01]} {[%emt
00:00:45]} 15. Nd5 {[%clk 01:29:14]} {[%emt 00:00:19]} Nxd5 {[%clk 01:27:16]}
{[%emt 00:00:14]} 16. Bxd5 {[%clk 01:29:33]} {[%emt 00:00:11]} c6 {[%clk
01:27:25]} {[%emt 00:00:21]} 17. Bb3 {[%clk 01:29:44]} {[%emt 00:00:19]} O-O
{[%clk 01:26:59]} {[%emt 00:00:55]} 18. Rf1 {[%clk 01:30:03]} {[%emt 00:00:12]}
Rad8 {[%clk 01:26:27]} {[%emt 00:01:02]} 19. d4 {[%clk 01:30:20]} {[%emt
00:00:14]} c5 {[%clk 01:24:03]} {[%emt 00:02:53]} 20. c3 {[%clk 01:29:51]}
{[%emt 00:00:58]} b6 {[%clk 01:22:55]} {[%emt 00:01:39]} 21. Bd5 {[%clk
01:30:02]} {[%emt 00:00:19]} g6 {[%clk 01:22:00]} {[%emt 00:01:25]} 22. a3
{[%clk 01:30:05]} {[%emt 00:00:27]} a5 {[%clk 01:21:57]} {[%emt 00:00:34]} 23.
b4 {[%clk 01:30:07]} {[%emt 00:00:28]} axb4 {[%clk 01:21:16]} {[%emt 00:01:11]}
24. axb4 {[%clk 01:30:26]} {[%emt 00:00:12]} cxd4 {[%clk 01:21:01]} {[%emt
00:00:44]} 25. cxd4 {[%clk 01:30:20]} {[%emt 00:00:35]} exd4 {[%clk 01:21:19]}
{[%emt 00:00:14]} 26. exd4 {[%clk 01:30:36]} {[%emt 00:00:14]} Kg7 {[%clk
01:20:42]} {[%emt 00:01:06]} 27. Kd3 {[%clk 01:30:38]} {[%emt 00:00:29]} b5
{[%clk 01:20:39]} {[%emt 00:00:33]} 28. Bc6 {[%clk 01:30:41]} {[%emt 00:00:27]}
Rb8 {[%clk 01:20:44]} {[%emt 00:00:25]} 29. d5 {[%clk 01:30:08]} {[%emt
00:01:03]} f5 {[%clk 01:19:49]} {[%emt 00:01:26]} 30. Re1 {[%clk 01:29:44]}
{[%emt 00:00:53]} fxe4+ {[%clk 01:19:48]} {[%emt 00:00:30]} 31. Rxe4 {[%clk
01:30:00]} {[%emt 00:00:15]} Rf3+ {[%clk 01:19:47]} {[%emt 00:00:30]} 32. Kd4
{[%clk 01:29:59]} {[%emt 00:00:33]} Rxh3 {[%clk 01:19:57]} {[%emt 00:00:20]}
33. Re7+ {[%clk 01:30:23]} {[%emt 00:00:06]} Kh6 {[%clk 01:20:11]} {[%emt
00:00:15]} 34. Rd7 {[%clk 01:30:18]} {[%emt 00:00:34]} Rh4+ {[%clk 01:19:16]}
{[%emt 00:01:25]} 35. Ke3 {[%clk 01:30:22]} {[%emt 00:00:26]} Rxb4 {[%clk
01:19:20]} {[%emt 00:00:28]} 36. Rxd6 {[%clk 01:30:40]} {[%emt 00:00:12]} Rc4
{[%clk 01:18:51]} {[%emt 00:01:00]} 37. Re6 {[%clk 01:30:41]} {[%emt 00:00:27]}
Rb6 {[%clk 01:18:48]} {[%emt 00:00:34]} 38. Kd3 {[%clk 01:30:36]} {[%emt
00:00:36]} Rc5 {[%clk 01:16:55]} {[%emt 00:02:23]} 39. Kd4 {[%clk 01:30:43]}
{[%emt 00:00:23]} Rc4+ {[%clk 01:16:33]} {[%emt 00:00:51]} 40. Ke5 {[%clk
01:31:00]} {[%emt 00:00:15]} b4 {[%clk 01:16:31]} {[%emt 00:00:32]} 41. Re8
{[%clk 01:30:49]} {[%emt 00:00:40]} b3 {[%clk 01:14:57]} {[%emt 00:02:04]} 42.
d6 {[%clk 01:29:45]} {[%emt 00:01:34]} Rcxc6 {[%clk 01:14:39]} {[%emt
00:00:49]} 43. d7 {[%clk 01:29:52]} {[%emt 00:00:22]} Rd6 {[%clk 01:13:37]}
{[%emt 00:01:32]} 44. d8=Q {[%emt 00:00:24]} Rxd8 {[%clk 01:14:02]} {[%emt
00:00:04]} 45. Rxd8 {[%clk 01:30:18]} {[%emt 00:00:12]} b2 {[%clk 01:14:21]}
{[%emt 00:00:11]} 46. Rd1 {[%clk 01:30:17]} {[%emt 00:00:32]} b1=Q {[%clk
01:14:32]} {[%emt 00:00:18]} 47. Rxb1 {[%clk 01:30:34]} {[%emt 00:00:13]} Rxb1
{[%clk 01:14:57]} {[%emt 00:00:05]} 48. Kf4 {[%clk 01:30:53]} {[%emt 00:00:11]}
Kh5 {[%clk 01:15:05]} {[%emt 00:00:23]} 49. Kg3 {[%clk 01:31:14]} {[%emt
00:00:08]} g5 {[%clk 01:15:21]} {[%emt 00:00:13]} 50. Kh3 {[%clk 01:31:29]}
{[%emt 00:00:15]} Rb3+ {[%clk 01:15:36]} {[%emt 00:00:15]} 51. Kh2 {[%clk
01:31:43]} {[%emt 00:00:15]} Kh4 {[%clk 01:15:56]} {[%emt 00:00:11]} 52. Kg2
{[%clk 01:32:01]} {[%emt 00:00:12]} g4 {[%clk 01:16:06]} {[%emt 00:00:19]} 53.
Kh2 {[%clk 01:32:07]} {[%emt 00:00:24]} Rb2+ {[%clk 01:16:17]} {[%emt
00:00:20]} 54. Kh1 {[%clk 01:30:56]} {[%emt 00:01:40]} Kg3 {[%clk 01:16:34]}
{[%emt 00:00:13]} 55. Kg1 {[%clk 01:31:10]} {[%emt 00:00:16]} Rb1# {[%emt
00:00:22]} 0-1

[Event "DVM U16w 2023"]
[Site "Magdeburg GER"]
[Date "2023.12.28"]
[Round "4"]
[White "Einacker, Lina"]
[Black "Chennupati, Lasya"]
[Result "0-1"]
[Termination "normal"]
[Board "9.2"]
[WhiteElo "1193"]
[BlackElo "1090"]
[WhiteClock "00:09:26"]
[BlackClock "01:16:31"]
[WhiteTeam "Hamburger SK 1830 2"]
[BlackTeam "SC Garching 1980 2"]
[PlyCount "94"]
[WhiteFideId "34630147"]
[BlackFideId "34646728"]
[EventCountry "GER"]
[EventRounds "7"]
[EventType "team-swiss"]
[EventDate "2023.12.26"]

1. e4 {[%clk 01:30:59]} {[%emt 00:00:02]} e5 {[%clk 01:30:59]} {[%emt
00:00:01]} 2. Nf3 {[%clk 01:31:21]} {[%emt 00:00:07]} Nc6 {[%clk 01:31:14]}
{[%emt 00:00:15]} 3. d4 {[%clk 01:31:27]} {[%emt 00:00:24]} exd4 {[%clk
01:31:35]} {[%emt 00:00:09]} 4. Nxd4 {[%clk 01:31:20]} {[%emt 00:00:39]} d6
{[%clk 01:31:38]} {[%emt 00:00:24]} 5. Bb5 {[%clk 01:30:53]} {[%emt 00:00:58]}
Bd7 {[%clk 01:31:46]} {[%emt 00:00:21]} 6. O-O {[%clk 01:30:25]} {[%emt
00:00:58]} Nf6 {[%clk 01:32:07]} {[%emt 00:00:09]} 7. Re1 {[%clk 01:29:59]}
{[%emt 00:00:57]} g6 {[%clk 01:31:26]} {[%emt 00:01:09]} 8. Nc3 {[%clk
01:29:49]} {[%emt 00:00:41]} Bg7 {[%clk 01:31:33]} {[%emt 00:00:23]} 9. Nd5
{[%clk 01:28:29]} {[%emt 00:01:52]} O-O {[%clk 01:31:28]} {[%emt 00:00:34]} 10.
Bg5 {[%clk 01:18:32]} {[%emt 00:10:27]} h6 {[%clk 01:28:36]} {[%emt 00:03:22]}
11. Nxf6+ {[%clk 01:09:01]} {[%emt 00:10:01]} Bxf6 {[%clk 01:28:37]} {[%emt
00:00:28]} 12. Bxc6 {[%clk 01:07:09]} {[%emt 00:02:23]} Bxg5 {[%clk 01:28:07]}
{[%emt 00:00:59]} 13. Bxd7 {[%clk 01:06:46]} {[%emt 00:00:54]} Qxd7 {[%clk
01:28:19]} {[%emt 00:00:16]} 14. Qf3 {[%clk 01:06:17]} {[%emt 00:01:02]} Qe7
{[%clk 01:26:26]} {[%emt 00:02:23]} 15. Re2 {[%clk 01:02:23]} {[%emt 00:04:22]}
Bf6 {[%clk 01:26:03]} {[%emt 00:00:53]} 16. c3 {[%clk 01:01:34]} {[%emt
00:01:20]} Bg7 {[%clk 01:25:55]} {[%emt 00:00:40]} 17. Rae1 {[%clk 00:59:46]}
{[%emt 00:02:17]} Qe5 {[%clk 01:25:23]} {[%emt 00:01:00]} 18. Qh3 {[%clk
00:53:52]} {[%emt 00:06:25]} Qc5 {[%clk 01:24:05]} {[%emt 00:01:48]} 19. Nf3
{[%emt 00:03:14]} Rfe8 {[%clk 01:23:17]} {[%emt 00:00:55]} 20. Qg3 {[%clk
00:50:20]} {[%emt 00:01:39]} Re6 {[%clk 01:23:08]} {[%emt 00:00:41]} 21. e5
{[%clk 00:48:05]} {[%emt 00:02:44]} Rae8 {[%clk 01:21:51]} {[%emt 00:01:47]}
22. Rd1 {[%clk 00:40:37]} {[%emt 00:07:59]} dxe5 {[%clk 01:21:23]} {[%emt
00:00:57]} 23. Rd7 {[%clk 00:38:21]} {[%emt 00:02:46]} Rd6 {[%clk 01:21:15]}
{[%emt 00:00:37]} 24. Rd2 {[%clk 00:35:18]} {[%emt 00:03:34]} e4 {[%clk
01:20:17]} {[%emt 00:01:27]} 25. R2xd6 {[%clk 00:28:30]} {[%emt 00:07:17]} cxd6
{[%clk 01:20:26]} {[%emt 00:00:20]} 26. Ne1 {[%clk 00:25:22]} {[%emt 00:03:40]}
Be5 {[%clk 01:20:16]} {[%emt 00:00:39]} 27. Qe3 {[%clk 00:25:17]} {[%emt
00:00:37]} Qc6 {[%clk 01:17:15]} {[%emt 00:03:26]} 28. Qh3 {[%clk 00:18:33]}
{[%emt 00:07:17]} Bf6 {[%clk 01:17:04]} {[%emt 00:00:40]} 29. c4 {[%clk
00:16:52]} {[%emt 00:02:14]} Re6 {[%clk 01:17:11]} {[%emt 00:00:21]} 30. Rd8+
{[%clk 00:11:50]} {[%emt 00:05:33]} Bxd8 {[%clk 01:17:20]} {[%emt 00:00:18]}
31. Nc2 {[%clk 00:11:52]} {[%emt 00:00:29]} Qxc4 {[%clk 01:16:54]} {[%emt
00:00:55]} 32. Ne3 {[%clk 00:11:01]} {[%emt 00:01:22]} Qc1+ {[%clk 01:16:57]}
{[%emt 00:00:26]} 33. Nf1 {[%clk 00:11:24]} {[%emt 00:00:08]} Qxb2 {[%clk
01:17:07]} {[%emt 00:00:19]} 34. a3 {[%clk 00:10:45]} {[%emt 00:01:11]} d5
{[%clk 01:17:28]} {[%emt 00:00:07]} 35. Qxh6 {[%clk 00:10:11]} {[%emt
00:01:05]} d4 {[%emt 00:00:21]} 36. h3 {[%emt 00:00:50]} Bf6 {[%clk 01:14:35]}
{[%emt 00:02:09]} 37. Qf4 {[%clk 00:10:17]} {[%emt 00:00:26]} Kg7 {[%clk
01:14:55]} {[%emt 00:00:11]} 38. g4 {[%clk 00:10:20]} {[%emt 00:00:27]} Be5
{[%clk 01:14:49]} {[%emt 00:00:37]} 39. Qg5 {[%clk 00:08:47]} {[%emt 00:02:02]}
Rf6 {[%clk 01:14:45]} {[%emt 00:00:34]} 40. Qxe5 {[%clk 00:07:53]} {[%emt
00:01:24]} Qxf2+ {[%clk 01:14:58]} {[%emt 00:00:16]} 41. Kh1 {[%clk 00:08:06]}
{[%emt 00:00:18]} Qxf1+ {[%clk 01:15:03]} {[%emt 00:00:24]} 42. Kh2 {[%clk
00:08:30]} {[%emt 00:00:07]} Qf4+ {[%clk 01:14:52]} {[%emt 00:00:40]} 43. Qxf4
{[%clk 00:08:38]} {[%emt 00:00:23]} Rxf4 {[%clk 01:15:08]} {[%emt 00:00:12]}
44. Kg3 {[%clk 00:08:41]} {[%emt 00:00:28]} Rf6 {[%clk 01:15:34]} {[%emt
00:00:06]} 45. h4 {[%clk 00:08:54]} {[%emt 00:00:16]} e3 {[%clk 01:15:59]}
{[%emt 00:00:06]} 46. g5 {[%clk 00:09:13]} {[%emt 00:00:10]} Rf5 {[%clk
01:16:09]} {[%emt 00:00:20]} 47. h5 {[%clk 00:09:26]} {[%emt 00:00:16]} e2
{[%clk 01:16:31]} {[%emt 00:00:09]} 0-1